[Event "NOR-chT Club"]
[Site "Drammen"]
[Date "2025.06.01"]
[Round "6.14"]
[White "Simula, Leon"]
[Black "Dao, Xuan Hoang"]
[Result "1-0"]
[WhiteElo "2112"]
[BlackElo "1795"]
[PlyCount "161"]
[EventDate "2025.05.29"]
[EventType "team-swiss"]
[EventRounds "6"]
[EventCountry "NOR"]
[SourceTitle "CB23_2025"]
[SourceDate "2025.06.04"]
[SourceVersion "1"]
[SourceVersionDate "2025.06.04"]
[SourceQuality "1"]
[WhiteTeam "Konnerud Tempo"]
[BlackTeam "OSS Junior"]
[WhiteTeamCountry "NOR"]
[BlackTeamCountry "NOR"]

1. d4 Nf6 2. c4 e6 3. Nc3 Bb4 4. f3 c5 5. d5 b5 6. e4 d6 7. a3 Bxc3+ 8. bxc3 exd5 9. cxd5 0-0 10. Ne2 Nbd7 11. Ng3 Qa5 12. Qc2 Re8 13. Be2 a6 14. 0-0 c4 15. Kh1 Nc5 16. Bg5 Nfd7 17. Nf5 Nb3 18. Ra2 Qb6 19. Be3 Qc7 20. g4 Nf6 21. Bf4 Bxf5 22. gxf5 Kh8 23. Rg1 Rg8 24. Bf1 Nh5 25. Be3 Qe7 26. Qf2 g6 27. Bh3 Qe5 28. Rc2 Nf4 29. Bg4 g5 30. h4 h6 31. Qh2 Kg7 32. f6+ Kxf6 33. Bd7 Nd3 34. Qh3 Ke7 35. Bc6 Ndc5 36. Bxa8 Nxe4 37. fxe4 Qxe4+ 38. Qg2 Qxh4+ 39. Qh2 Qe4+ 40. Rgg2 Rxa8 41. Rce2 Qxd5 42. Bxg5+ Kd7 43. Qxh6 Rg8 44. Qf6 Nc5 45. Kg1 Nd3 46. Qe7+ Kc6 47. Qe4 Qxe4 48. Rxe4 Ne5 49. Bf6 Nf3+ 50. Kf2 Rxg2+ 51. Kxg2 Nd2 52. Re2 Nb3 53. Kf2 a5 54. Re7 b4 55. cxb4 axb4 56. axb4 Kb5 57. Rb7+ Ka4 58. b5 Nc5 59. Rxf7 Kxb5 60. Ke3 Nb3 61. Rb7+ Kc6 62. Rb4 Kc5 63. Rb8 Kd5 64. Rc8 Nc5 65. Bh8 Nb3 66. Bc3 Nc5 67. Kd2 Nb3+ 68. Kc2 Nc5 69. Ba5 Ne4 70. Bb6 Nf6 71. Kc3 Ne4+ 72. Kb4 Nd2 73. Be3 Nf3 74. Rxc4 Ne5 75. Rh4 Nf3 76. Rf4 Ne1 77. Kc3 Ng2 78. Rd4+ Ke5 79. Bh6 Ne1 80. Rf4 Ng2 81. Rg4 1-0

[Event "NOR-chT Club"]
[Site "Drammen"]
[Date "2025.05.31"]
[Round "4.10"]
[White "Olsen, William Alexander"]
[Black "Dao, Xuan Hoang"]
[Result "1/2-1/2"]
[WhiteElo "2145"]
[BlackElo "1795"]
[PlyCount "108"]
[EventDate "2025.05.29"]
[EventType "team-swiss"]
[EventRounds "6"]
[EventCountry "NOR"]
[SourceTitle "CB23_2025"]
[SourceDate "2025.06.04"]
[SourceVersion "1"]
[SourceVersionDate "2025.06.04"]
[SourceQuality "1"]
[WhiteTeam "Baerum"]
[BlackTeam "OSS Junior"]
[WhiteTeamCountry "NOR"]
[BlackTeamCountry "NOR"]

1. e4 e5 2. Nc3 Nf6 3. d4 exd4 4. Qxd4 Nc6 5. Qd3 Bc5 6. Bf4 d6 7. 0-0-0 Ng4 8. Nh3 Nxf2 9. Nxf2 Bxf2 10. Qf3 Bd4 11. Bc4 0-0 12. Rhf1 Be6 13. Bd5 Be5 14. Qg3 Bxd5 15. Nxd5 Nd4 16. Qg4 Bxf4+ 17. Nxf4 Qf6 18. Kb1 Ne6 19. Nd5 Qg5 20. Qxg5 Nxg5 21. Nxc7 Rac8 22. Nb5 Nxe4 23. Nxd6 Nxd6 24. Rxd6 Rc7 25. b3 g6 26. Rfd1 Re8 27. R1d2 f5 28. c4 Kf7 29. Kb2 Re6 30. Kc3 Rxd6 31. Rxd6 Ke7 32. Rd5 Kf6 33. c5 Kg5 34. b4 Kf4 35. b5 Ke3 36. g3 Ke4 37. Kc4 g5 38. g4 f4 39. Rxg5 Rf7 40. Rd5 f3 41. Rd1 f2 42. Rf1 Ke3 43. c6 Ke2 44. Rxf2+ Kxf2 45. Kd5 bxc6+ 46. bxc6 Kg2 47. Kd6 Kxh2 48. c7 Rxc7 49. Kxc7 Kg3 50. Kb7 Kxg4 51. Kxa7 h5 52. a4 h4 53. a5 h3 54. a6 h2 1/2-1/2